| 000 | 00375nam a22001697a 4500 | ||
|---|---|---|---|
| 005 | 20160625143905.0 | ||
| 008 | 160625b xxu||||| |||| 00| 0 eng d | ||
| 020 | _a81-7829-239-4 | ||
| 041 | _aeng | ||
| 082 | _b10091 | ||
| 100 |
_aKapoor, Jagdeep _91508 |
||
| 245 | _a18 Brand Astras | ||
| 260 |
_bSage _c2003 |
||
| 300 | _a134 | ||
| 650 |
_aManagement _9241 |
||
| 942 | _cBK | ||
| 999 |
_c4040 _d4039 |
||